Villes moyennes françaises en images (aléatoire) - Statistiques

Statistiques générales
  • Ce quiz a été pris 44 fois
  • Le résultat moyen est 7 sur 20
Statistiques - réponses
Par images Hint Réponse % Correct
B Bastia
100%
A Arles
88%
C Carcassonne
78%
C Colmar
78%
D Douai
67%
S Saint-Malo
67%
V Valence
67%
L La Rochelle
63%
A Albi
60%
C Calais
60%
B Bourg-en-Bresse
57%
S Sète
56%
A Arras
50%
A Avignon
50%
C Cannes
50%
C Cherbourg-en-Cotentin
50%
D Dunkerque
50%
E Évry-Courcouronnes
50%
Q Quimper
50%
S Saint-Nazaire
50%
T Tarbes
50%
G Gap
45%
N Narbonne
44%
E Évreux
43%
F Fort-de-France
43%
F Fréjus
43%
V Vannes
43%
A Antibes
42%
P Pau
40%
A Ajaccio
38%
C Châteauroux
38%
P Poitiers
38%
B Bayonne
36%
B Beauvais
33%
B Bourges
33%
C Cayenne
33%
C Charleville-Mézières
33%
G Grasse
33%
L La-Roche-sur-Yon
33%
V Vincennes
33%
N Nanterre
31%
A Auxerre
30%
D Drancy
30%
B Blois
29%
L Les Sables-d'Olonne
29%
N Nouméa
29%
M Mâcon
27%
V Valenciennes
27%
H Hyères
25%
R Roanne
25%
V Versailles
25%
B Belfort
20%
B Boulogne-sur-Mer
20%
C Castres
20%
C Châlons-en-Champagne
18%
C Chartres
17%
C Cholet
14%
C Chambéry
13%
M Montélimar
13%
S Saint-Brieuc
13%
T Troyes
13%
B Brive-la-Gaillarde
11%
L Laval
11%
L Lorient
11%
C Compiègne
10%
A Angoulême
0%
B Béziers
0%
C Chalon-sur-Saône
0%
H Haguenau
0%
M Montauban
0%
N Niort
0%
R Roubaix
0%
R Rueil-Malmaison
0%
S Saint-Germain-en-Laye
0%
S Saint-Quentin
0%
T Thonon-les-Bains
0%
Aucun quiz correspondant
Distribution des résultats
% des personnes avec chaque résultat
Percentile par nombre de réponses
Votre historique - résultats
Vous n’avez pas pris ce quiz